Trần Văn Giàu tuyển tập
Nội dung cuốn sách tập hợp các bài viết của giáo sư về vấn đề lịch sử, triết học, văn hóa, giai cấp công nhân Việt Nam ... và các bài tiểu luận viết về tư tưởng Chủ tịch Hồ Chí Minh. Tiểu sử tác giả và thư mục các tác phẩm chủ yê...
שמור ב:
| מחבר ראשי: | |
|---|---|
| פורמט: | ספר |
| שפה: | Undetermined |
| יצא לאור: |
Hà Nội
Giáo Dục
2000
|
| נושאים: | |
| תגים: |
הוספת תג
אין תגיות, היה/י הראשונ/ה לתייג את הרשומה!
|
| Thư viện lưu trữ: | Trung tâm Học liệu Trường Đại học Cần Thơ |
|---|
| LEADER | 01042nam a2200241Ia 4500 | ||
|---|---|---|---|
| 001 | CTU_39831 | ||
| 008 | 210402s9999 xx 000 0 und d | ||
| 020 | |b 156.000đ | ||
| 020 | |c 156000 | ||
| 082 | |a 895.9228 | ||
| 082 | |b Gi111 | ||
| 100 | |a Trần, Văn Giàu | ||
| 245 | 0 | |a Trần Văn Giàu tuyển tập | |
| 245 | 0 | |c Trần Văn Giàu | |
| 260 | |a Hà Nội | ||
| 260 | |b Giáo Dục | ||
| 260 | |c 2000 | ||
| 520 | |a Nội dung cuốn sách tập hợp các bài viết của giáo sư về vấn đề lịch sử, triết học, văn hóa, giai cấp công nhân Việt Nam ... và các bài tiểu luận viết về tư tưởng Chủ tịch Hồ Chí Minh. Tiểu sử tác giả và thư mục các tác phẩm chủ yếu của giáo sư. | ||
| 650 | |a Vietnamese literature | ||
| 650 | |x Collections | ||
| 650 | |y 20th century | ||
| 904 | |i Minh, Q. Hiếu (sửa) | ||
| 980 | |a Trung tâm Học liệu Trường Đại học Cần Thơ | ||